|
|
|
|
| LEADER |
00000nam a2200000 a 4500 |
| 001 |
vtls009290492 |
| 003 |
SK-MaSNL |
| 005 |
20260425225711.0 |
| 008 |
240315s2007 xo l f as 000 0 slo |
| 015 |
|
|
|a SNBE2008/02-00953
|
| 020 |
|
|
|a 9788080584856
|q (brož.)
|z 8080584338
|
| 040 |
|
|
|a SNK
|b slo
|c SNK
|e AACR2
|
| 041 |
0 |
|
|a slo
|b eng
|b slo
|
| 043 |
|
|
|a e-xo---
|
| 044 |
|
|
|a xo
|c SK
|
| 072 |
|
7 |
|a 633
|x Rastlinná výroba
|2 konspekt
|
| 080 |
|
|
|a 664.1
|2 2001
|
| 080 |
|
|
|a (437.6)
|2 2001
|
| 080 |
|
|
|a (047)
|2 2001
|
| 080 |
|
|
|a (048.8:083.41)
|2 2001
|
| 080 |
|
|
|a 633.63
|2 2001
|
| 100 |
1 |
|
|a Meravá, Eva
|4 aut
|9 22233
|
| 245 |
1 |
0 |
|a Cukrová repa. Cukor
|b situačná a výhľadová správa k 30.6.2007
|c autor: Eva Meravá
|
| 250 |
|
|
|a [1. vyd.]
|
| 260 |
|
|
|a Bratislava
|b Výskumný ústav ekonomiky poľnohospodárstva a potravinárstva
|b Ministerstvo pôdohospodárstva SR
|c 2007
|
| 300 |
|
|
|a 26 s., [12] s. príl.
|b grafy, tab. schémy
|c 30 cm
|
| 366 |
|
|
|e 60 výt.
|
| 500 |
|
|
|a Obsahuje zoznam použitých skratiek
|
| 546 |
|
|
|a Res. angl. a slov.
|
| 650 |
0 |
7 |
|a cukrová repa
|2 SNKPH
|9 81965
|
| 650 |
0 |
7 |
|a cukor
|2 SNKPH
|9 18223
|
| 650 |
0 |
7 |
|a cukrovarníctvo
|2 SNKPH
|9 21039
|
| 651 |
|
7 |
|a Slovensko
|2 SNKPH
|9 14231
|
| 655 |
|
7 |
|a správy
|2 SNKPH
|9 70563
|
| 655 |
|
7 |
|a štatistické prehľady
|2 SNKPH
|9 70689
|
| 919 |
|
|
|a 978-80-8058-485-6
|
| 999 |
|
|
|c 656352
|d 658282
|
| 952 |
|
|
|a SNK
|b SNK
|y PREZ
|7 0
|p 17A0586813
|o snkOSB 15054
|i snk2008/9558
|8 0
|0 0
|1 0
|4 0
|d 2008-04-29
|l 0
|r 2026-02-23 18:37:28
|w 2026-02-23
|
| 952 |
|
|
|a SNK
|b SNK
|y VYP
|7 0
|p 17A0586812
|o snkOSB 15054 D1
|i snk2008/9559
|8 0
|0 0
|1 0
|4 0
|d 2008-04-29
|l 0
|r 2026-02-23 18:37:28
|w 2026-02-23
|